Quizz Harry Potter - À l’École des Sorciers - Statistiques

Statistiques générales
  • Ce quiz a été pris 157 fois
    122 depuis la dernière actualisation
  • Le résultat moyen est 11 sur 15
Statistiques - réponses
Hint Réponse % Correct
Sorcier qui dévoile à Harry qu’il en est un Rubeus Hagrid
92%
Harry fait la connaissance d’une jeune fille sur le Quai 9 3/4. Elle s’appelle… {Ginny} Weasley
89%
Dans quelle maison est répartie Hermione Granger ? Gryffondor
89%
Qui remporte la Coupe des Quatre Maisons ? Gryffondor
89%
De quoi sont morts les parents d’Harry ? Assassinés par Voldemort
83%
Qui est l’ennemi de Harry à Poudlard dès sa première année scolaire ? Drago
83%
Qui soupçonnent-ils de vouloir voler la Pierre Philosophale ? Severus Rogue
83%
Comment s’appelle le grand frère de la jeune fille de la question précédente, qui fait sa rentrée à Poudlard ? Ron Weasley
82%
Tante maternelle d’Harry… {Pétunia} Dursley
81%
Harry est… ? {Attrapeur} dans l’Équipe de Gryffondor
80%
Harry et Ron sauvent Hermione de quelle créature ? D’un Troll
68%
Qui tente finalement de vraiment s’emparer de la Pierre Philosophale ? Quirinus Quirrell
68%
Qui est le préfet de la maison Gryffondor dans ce film ? Percy Weasley
62%
Comment s’appelle le bébé dragon qu’ils sauvent dans ce film ? Norbert
46%
Quel est le numéro du coffre fort que possède les Potter à Gringotts ? 687
17%
Aucun quiz correspondant
Distribution des résultats
% des personnes avec chaque résultat
Percentile par nombre de réponses
Votre historique - résultats
Vous n’avez pas pris ce quiz depuis la dernière actualisation